000 00257nam a22001097a 4500
999 _c260866
_d260865
020 _a059048818-X
100 _aLaura Ingalls Wilder
245 _aLittle House On the Prairie
260 _aNew York
_bHarperCollins
_c1935
300 _a334pgs
942 _cBK